000 00590nam a22001937a 4500
999 _c170002
_d170002
005 20191210110919.0
010 _aA-374801
020 _c270.00
_a-
035 _aA-374801
037 _bBPPD
082 _a270
100 _aا ما م غز ا لی
245 _aمکا شفتہ ا لقلو ب (ا ر د و )
_cا ما م غز ا لی
246 _aMakashafta Alquloob(Urdu) (Urdu)
_bby Imam GHazali
260 _aGaziabad
_c1976 ء
_bBook Service
270 _aLoni Road,
_bLoni(Gaziabad)
_k-
_e-
300 _a688 ص
_c22 cm(hb)
942 _2ddc
_cUR
_h270
_mم ح م